Abriendo brecha en el olvido : la vinculación entre universidad y comunidad : la experiencia UACM-PAPO Cuauhtepec (Record no. 159869)

MARC details
000 -CABECERA
campo de control de longitud fija 00646nab a2200205 a 4500
005 - FECHA Y HORA DE LA ÚLTIMA TRANSACCIÓN
campo de control 20210219161556.0
008 - ELEMENTOS DE LONGITUD FIJA--INFORMACIÓN GENERAL
campo de control de longitud fija 991125s1985 mx 000 0 spa u
035 ## - NÚMERO DE CONTROL DEL SISTEMA
Número de control de sistema UPN01000187766
100 1# - ASIENTO PRINCIPAL--NOMBRE PERSONAL
Nombre de persona Ochoa Tinoco, Cuauhtémoc
222 ## - TÍTULO CLAVE
Título clave REENCUENTRO :
222 ## - TÍTULO CLAVE
Información calificativa ANALISIS DE PROBLEMAS UNIVERSITARIOS
245 ## - MENCIÓN DE TÍTULO
Título Abriendo brecha en el olvido : la vinculación entre universidad y comunidad : la experiencia UACM-PAPO Cuauhtepec
260 ## - PUBLICACIÓN, DISTRIBUCIÓN, ETC.
Lugar de publicación, distribución, etc. México
300 ## - DESCRIPCIÓN FÍSICA
Extensión 88-91
362 0# - FECHAS DE PUBLICACIÓN Y/O DESIGNACIÓN SECUENCIAL
Fecha de publicación y/o designación secuencial 2012 Año 22, no. 162, dic.
653 0# - TERMINO DE INDIZACION - NO CONTROLADO
Término no controlado EXTENSION UNIVERSITARIA
653 0# - TERMINO DE INDIZACION - NO CONTROLADO
Término no controlado IMPACTO SOCIAL
653 0# - TERMINO DE INDIZACION - NO CONTROLADO
Término no controlado MEMORIA HISTORICA
905 ## - TIPO DE MATERIAL
Tipo de material Articulo

No items available.